000 00505 a2200169 4500
003 NUST
005 20230123141633.0
040 _cNust
082 _a808.83,CRA
100 _aCrankshaw, Edward
_946184
245 _aWhat Glory ? /
_cEdward Crankshaw
260 _aLondon
_bMacmillan
_c1940
300 _a289:p .
505 _aBook-1: The Warings Of Norton (Page-3), Book-2: The Green Ticket (Page-61), Book-3: The Burden Of The Brain (Page-183).
650 _aNovel
_92525
942 _2ddc
_cBK
_k808.83,CRA
999 _c186846
_d186846